In His hands : the autobiography of a Nigerian village boy (Record no. 31054)

MARC details
000 -LEADER
fixed length control field 00535nam a2200181Ia 4500
020 ## - INTERNATIONAL STANDARD BOOK NUMBER
ISBN 9789783313460
050 ## - CALL MARK
Classification number CT 2528 .A347 A3/
100 ## - STATEMENT OF RESPONSIBILITY--MAIN AUTHOR NAME
Personal name Afonja, Biyi.
245 #0 - TITLE STATEMENT
Title In His hands : the autobiography of a Nigerian village boy
260 ## - PUBLICATION, DISTRIBUTION, ETC. (IMPRINT)
Place of publication Ibadan
260 ## - PUBLICATION, DISTRIBUTION, ETC. (IMPRINT)
Name of publisher STATCO
260 ## - PUBLICATION, DISTRIBUTION, ETC. (IMPRINT)
Year of publication 2005
300 ## - PHYSICAL DESCRIPTION
Number of Pages 392 p
650 ## - SUBJECT ADDED ENTRY--TOPICAL TERM
Topical Term College teachers --Nigeria --Biography. Statisticians --Nigeria --Biography. Nigeria --Biography.
942 ## - ADDED ENTRY ELEMENTS (KOHA)
Koha item type Books
Holdings
Withdrawn status Lost status Source of classification or shelving scheme Damaged status Not for loan Permanent Location Current Location Date acquired Accession Number Price effective from Koha item type
    Library of Congress Classification     NILE UNIVERSITY OF NIGERIA - MAIN LIBRARY NILE UNIVERSITY OF NIGERIA - MAIN LIBRARY 04/23/2025 0002197 04/23/2025 Books